00383nam a22001097a 4500003000400000082001800004100001600022245016600038260004400204300000800248650001700256SGT a617.643bA25Y aYadav, Renu aAssessment of antimicrobial properties of clear aligners and essix retainers coated with Nitrogen doped Zinc oxide mutans and candida albicansbAn In Vitro study aGurugram, HaryanabSGT Universityc2025 a126 aOrthodontics